000
00344nam a2200157Ia 4500
100
_a
Vears/R.E
650
_a
Electrical Engineering
490
_v
I
942
_c
BK
654
_a
Microelectronic System
245
_a
Microelectronic System
260
_b
Buttersworth
_a
London
_c
1981
082
_a
621.3
300
_a
81
546
_a
ENGLISH
999
_c
21452
_d
21452